Cenotvorba ostatných činností vo Východoslovenskej vodárenskej spoločnosti, a. s. diplomová práca

Gespeichert in:
Bibliographische Detailangaben
1. Verfasser: Stebnický, Peter
Körperschaft: Podnikovohospodárska fakulta EU so sídlom v Košiciach. Katedra ekonómie
Weitere Verfasser: Lejková, Zuzana
Format: Buch
Sprache:Slowakisch
Veröffentlicht: Košice 2011
Tags: Tag hinzufügen
Keine Tags, Fügen Sie das erste Tag hinzu!

MARC

LEADER 00000nbm a2200000 4500
001 0139025
005 20240827092013.2
041 0 |a slo 
044 |a SK 
245 1 0 |a Cenotvorba ostatných činností vo Východoslovenskej vodárenskej spoločnosti, a. s.  |b diplomová práca  |c Peter Stebnický ; školiteľ: Zuzana Lejková 
264 1 |a Košice  |c 2011 
300 |a 59 s. 
100 1 |a Stebnický, Peter 
700 1 |a Lejková, Zuzana 
710 2 |a Podnikovohospodárska fakulta EU so sídlom v Košiciach. Katedra ekonómie